00218nam a2200085Ia 4500001000800000005001700008008004100025245004800066260001800114125040620251031150855.0251031s9999 xx 000 0 und d 0cYUSUF ATILGANaE-4 BÜTÜN ÖYKÜLERİ bCAN YAYINLARI